Исследование магнитного поля соленоида с помощью датчика Холла: методические указания к выполнению лабораторной работы Э16а по разделу "Электричество и магнетизм" курса "Общая физика" для студентов всех специальностей
| Korporativní autor: | |
|---|---|
| Další autoři: | |
| Shrnutí: | Заглавие с титульного экрана Электронная версия печатной публикации Режим доступа: из сети НТБ ТПУ |
| Jazyk: | ruština |
| Vydáno: |
Томск, Изд-во ТПУ, 2008
|
| Témata: | |
| On-line přístup: | http://www.lib.tpu.ru/fulltext3/m/2009/m45.pdf |
| Médium: | MixedMaterials Elektronický zdroj Kniha |
| KOHA link: | https://koha.lib.tpu.ru/cgi-bin/koha/opac-detail.pl?biblionumber=172687 |
MARC
| LEADER | 00000nlm0a2200000 4500 | ||
|---|---|---|---|
| 001 | 172687 | ||
| 005 | 20231101223041.0 | ||
| 035 | |a (RuTPU)RU\TPU\book\187263 | ||
| 079 | 0 | |a Э-16а | |
| 090 | |a 172687 | ||
| 100 | |a 20091215d2008 k y0rusy50 ca | ||
| 101 | 0 | |a rus | |
| 102 | |a RU | ||
| 105 | |a y z 000zy | ||
| 135 | |a vrcn ---uucaa | ||
| 181 | 0 | |a i | |
| 182 | 0 | |a b | |
| 200 | 1 | |a Исследование магнитного поля соленоида с помощью датчика Холла |b Электронный ресурс |e методические указания к выполнению лабораторной работы Э16а по разделу "Электричество и магнетизм" курса "Общая физика" для студентов всех специальностей |f Томский политехнический университет (ТПУ) ; сост. С. Н. Гриняев | |
| 203 | |a Текст |c электронный | ||
| 210 | |a Томск |c Изд-во ТПУ |d 2008 | ||
| 230 | |a 1 компьютерный файл (pdf; 501 KB) | ||
| 300 | |a Заглавие с титульного экрана | ||
| 300 | |a Электронная версия печатной публикации | ||
| 333 | |a Режим доступа: из сети НТБ ТПУ | ||
| 337 | |a Adobe Reader | ||
| 606 | 1 | |a Соленоиды сверхпроводящие |x Магнетизм |2 stltpush |3 (RuTPU)RU\TPU\subj\55465 |9 73495 | |
| 610 | 1 | |a общая физика | |
| 610 | 1 | |a электромагнетизм | |
| 610 | 1 | |a соленоиды | |
| 610 | 1 | |a магнитное поле | |
| 610 | 1 | |a исследование | |
| 610 | 1 | |a датчики Холла | |
| 610 | 1 | |a лабораторные работы | |
| 610 | 1 | |a методические указания | |
| 610 | 1 | |a электронный ресурс | |
| 675 | |a 537.62(076.5) |v 3 | ||
| 702 | 1 | |a Гриняев |b С. Н. |c физик |c доцент Томского политехнического университета, кандидат физико-математических наук |f 1951- |g Сергей Николаевич |2 stltpush |3 (RuTPU)RU\TPU\pers\28952 |4 220 | |
| 712 | 0 | 2 | |a Томский политехнический университет (ТПУ) |c (1991- ) |2 stltpush |3 (RuTPU)RU\TPU\col\376 |
| 801 | 1 | |a RU |b 63413507 |c 20091215 | |
| 801 | 2 | |a RU |b 63413507 |c 20170119 |g RCR | |
| 856 | 4 | |u http://www.lib.tpu.ru/fulltext3/m/2009/m45.pdf | |
| 942 | |c CF | ||